[Event "Barranquilla Carnaval Cup"]
[Site "Barranquilla"]
[Date "2024.02.03"]
[Round "2"]
[White "Estrada Herrera, Jeronimo"]
[Black "Lopez Mass, Maria Fernanda"]
[Result "0-1"]
[WhiteElo "1512"]
[BlackElo "1262"]
[PlyCount "57"]
[EventDate "2024.02.03"]
[EventType "swiss"]
[EventRounds "9"]
[EventCountry "COL"]
[SourceTitle "CB07_2024"]
[SourceDate "2024.02.14"]
[SourceVersion "1"]
[SourceVersionDate "2024.02.14"]
[SourceQuality "1"]

1. d4 d5 2. c4 c6 3. Nf3 Bf5 4. Nc3 Nf6 5. Bf4 a6 6. Qb3 Qc8 7. cxd5 cxd5 8. Bxb8 Rxb8 9. Nxd5 Nxd5 10. Qxd5 Qd7 11. Qe5 Rc8 12. e4 Bg6 13. Bd3 Qd6 14. Qxd6 exd6 15. 0-0 d5 16. Bb1 dxe4 17. Re1 f5 18. Nh4 Bb4 19. Rd1 Kf7 20. g3 Rhd8 21. a3 Bd6 22. Ba2+ Kf6 23. Nxg6 hxg6 24. Bd5 Rc7 25. Rac1 Rxc1 26. Rxc1 Bxa3 27. Bxb7 Bxb2 28. Rc6+ Kf7 29. Bxa6 0-1

[Event "COL-ch U14 Girls"]
[Site "Cartagena"]
[Date "2023.04.16"]
[Round "7"]
[White "Lopez Mass, Maria Fernanda"]
[Black "Cortes, Melissa Alejandra"]
[Result "0-1"]
[WhiteElo "1216"]
[BlackElo "1119"]
[PlyCount "112"]
[EventDate "2023.04.13"]
[EventType "swiss"]
[EventRounds "7"]
[EventCountry "COL"]
[SourceTitle "CBM 213 Extra"]
[Source "ChessBase"]
[SourceDate "2023.05.31"]
[SourceVersion "1"]
[SourceVersionDate "2023.05.31"]
[SourceQuality "1"]

1. e4 e5 2. Bc4 Nf6 3. Nc3 Nc6 4. Nf3 Bc5 5. 0-0 d6 6. h3 Be6 7. d3 d5 8. exd5 Bxd5 9. Bxd5 Nxd5 10. Re1 0-0 11. Nxe5 Nxe5 12. Rxe5 Bxf2+ 13. Kh1 Nxc3 14. bxc3 Qf6 15. d4 h6 16. Qf3 Qxf3 17. gxf3 Rfe8 18. Bf4 f6 19. Rxe8+ Rxe8 20. Bxc7 Rc8 21. Ba5 b6 22. Rf1 Bg3 23. Bb4 a5 24. Be7 Kf7 25. Kg2 Bh4 26. Bd6 Rxc3 27. Rc1 Ke6 28. Bg3 Bxg3 29. Kxg3 Kd5 30. Kf2 b5 31. Ke2 b4 32. h4 a4 33. Kd2 Kxd4 34. Rb1 Kc5 35. Rg1 g5 36. hxg5 hxg5 37. f4 gxf4 38. Rf1 f3 39. Rf2 Kd4 40. Rf1 Ke4 41. Rf2 Kf4 42. Rf1 Kg3 43. Rg1+ Kh2 44. Re1 Kg2 45. Re6 f2 46. Re2 Kg1 47. Rxf2 Kxf2 48. Kc1 f5 49. Kb2 f4 50. Kc1 Ke1 51. Kb2 f3 52. a3 f2 53. axb4 Rxc2+ 54. Kxc2 f1Q 55. Kb2 Qe2+ 56. Ka3 Qc2 0-1

[Event "COL-ch U12 Girls"]
[Site "Choconta"]
[Date "2023.03.18"]
[Round "3"]
[White "Lopez Mass, Maria Fernanda"]
[Black "Castillo Anzola, Sara Sofia"]
[Result "0-1"]
[WhiteElo "1216"]
[BlackElo "1301"]
[PlyCount "48"]
[EventDate "2023.03.17"]
[EventType "swiss"]
[EventRounds "7"]
[EventCountry "COL"]
[SourceTitle "CBM 213 Extra"]
[Source "ChessBase"]
[SourceDate "2023.05.31"]
[SourceVersion "1"]
[SourceVersionDate "2023.05.31"]
[SourceQuality "1"]

1. e4 e5 2. Nf3 Nc6 3. Bc4 Bc5 4. 0-0 Nf6 5. d3 h6 6. Nc3 d6 7. h3 0-0 8. Ne2 Be6 9. Bb5 Nd4 10. Nexd4 Bxd4 11. c3 Bb6 12. Ba4 c6 13. Be3 Bxe3 14. fxe3 Qc7 15. Bc2 Rad8 16. Qe2 d5 17. Rad1 Rfe8 18. a3 Qb6 19. b3 dxe4 20. Nxe5 exd3 21. Rxd3 Rxd3 22. Nxd3 Bxb3 23. Bxb3 Rxe3 24. Qf2 Rxd3 0-1

[Event "COL-ch U12 Girls"]
[Site "Choconta"]
[Date "2023.03.17"]
[Round "1"]
[White "Lopez Mass, Maria Fernanda"]
[Black "Munoz Hoyos, Maria Antonia"]
[Result "1-0"]
[WhiteElo "1216"]
[BlackElo "1214"]
[PlyCount "82"]
[EventDate "2023.03.17"]
[EventType "swiss"]
[EventRounds "7"]
[EventCountry "COL"]
[SourceTitle "CBM 213 Extra"]
[Source "ChessBase"]
[SourceDate "2023.05.31"]
[SourceVersion "1"]
[SourceVersionDate "2023.05.31"]
[SourceQuality "1"]

1. e4 c5 2. Bc4 d6 3. Nf3 Nf6 4. d3 e6 5. 0-0 Be7 6. Nc3 Nbd7 7. Ne2 a6 8. c3 b5 9. Bb3 Bb7 10. a3 0-0 11. Ng3 a5 12. Bd2 Qb6 13. Bc2 Rac8 14. b4 cxb4 15. axb4 axb4 16. cxb4 Rc7 17. Be3 Rfc8 18. Bxb6 Nxb6 19. Bb3 Rd7 20. Rc1 Ra8 21. Qd2 Rdd8 22. Ra1 Rab8 23. Nd4 Nfd7 24. Nxb5 Bf6 25. Ra2 d5 26. d4 dxe4 27. Re1 Nf8 28. Nxe4 Bxe4 29. Rxe4 Rd7 30. Qf4 Rc8 31. Ra1 Ng6 32. Qg4 Rc6 33. h3 Be7 34. Ra7 Rxa7 35. Nxa7 Rc3 36. Ba2 Bd6 37. g3 Ra3 38. Bxe6 Rxa7 39. b5 Bc7 40. Bc8 Ra1+ 41. Kg2 Ra2 1-0